Pifove dobrodružstvá o kocúrovi, ktorý nechytá myši : hra v dvoch dejstvách

Bibliographic Details
Main Authors: Žukovskaja, Jevgenija Arkad'jevna (Author), Astrachan, M. (Author)
Other Authors: Weissová, Mária (Translator)
Format: Book
Language:Slovak
Russian
PhysicalDescription:27 s. 29 cm
Published: Bratislava Lita 1979
Edition:1. vyd.
Subjects:

MARC

LEADER 00000cam a2200000 a 4500
001 vtls001107544
003 SK-MaSNL
005 20260301055413.0
008 250313s1979 xo 000 d slo
015 |a SNBA1980 
035 |a SNK000050386 
035 |a urn:nbn:sk:snk-amjtz7 
035 |a urn:nbn:sk:snk-am007y6s 
035 |a 72F41CED-CA45-477A-8D4E-504A69802F03 
040 |a SNK  |b slo  |c SNK  |e AACR2 
041 1 |a slo  |h rus 
044 |a xo  |c SK 
072 7 |a 821.161.1  |x Ruská literatúra, rusky písaná  |2 konspekt 
072 7 |a 821.161.1-2  |x Ruská dráma  |2 konspekt 
080 |a 821.161.1-2  |2 2011 
080 |a (0:82-2)  |2 2011 
080 |a (03)82-93-053.4/.6  |2 2011 
100 1 |a Žukovskaja, Jevgenija Arkad'jevna  |4 aut  |9 368953 
240 1 0 |a Prikľučenija Pifa  |l Slovensky 
245 1 0 |a Pifove dobrodružstvá  |b o kocúrovi, ktorý nechytá myši : hra v dvoch dejstvách  |c J. Žukovskaja, M. Astrachan ; preložila [z ruského originálu] ... Mária Weissová 
250 |a 1. vyd. 
260 |a Bratislava  |b Lita  |c 1979  |e Bratislava  |f LITA 
300 |a 27 s.  |c 29 cm 
521 |a Nepredajné 
655 7 |a divadelné hry  |2 SNKPH  |9 70577 
655 7 |a ruské drámy  |2 SNKPH  |9 81966 
655 7 |a publikácie pre deti a mládež  |2 SNKPH  |9 70541 
655 7 |a Russian drama  |2 SNKPHeng  |9 278707 
655 7 |a Theatre plays  |2 SNKPHeng  |9 278336 
655 7 |a Publivations for children and youth  |2 SNKPHeng  |9 368954 
700 1 |a Astrachan, M.  |4 aut  |9 368955 
700 1 |a Weissová, Mária  |4 trl  |9 9272 
852 |a Slovenská národná knižnica 
954 |a beletria cudzojazyčná (svetová)  |2 lita 
958 |a OND 
958 |a LX 
958 |a BQ 
958 |a DB 
958 |a RM 
958 |a UP 
999 |c 613291  |d 615221 
952 |a SNK  |b SNK  |y PREZ  |7 0  |p 17A0972708  |o snkSB 29004  |i snkKSP 7305/79  |0 0  |1 0  |4 0  |d 2014-09-17  |f 1  |l 0  |r 2025-04-03 00:00:00  |w 2026-02-23 
952 |a SNK  |b SNK  |y VYP  |7 0  |p 17A1154026  |o snkSB 29004 D1  |i snkKSP 7306/79  |0 0  |1 0  |4 0  |d 2014-09-17  |l 0  |r 2026-02-23 16:29:53  |w 2026-02-23